000 00739cab a2200277 4500
001 X2446
008 090401t1995 xxu||||| |||| 00| 0 eng d
035 _a(Sirsi) u24300
041 _aeng
245 _aHughes v Greenwich LBC
260 _c1995
350 _a0
490 _aProperty and Compensation Reports
_v1995 69 PCR 487-495(9)
520 _aHL 21 October 1993.
650 _aCONTRACTS OF EMPLOYMENT
650 _aHOUSING ACT 1985
650 _aIMPLIED TERMS
650 _aOCCUPATIONAL ACCOMMODATION
650 _aRIGHT TO BUY
650 _aSCHOO HOUSE
650 _aSECURE TENANCY
650 _aTIED HOUSES
690 _aLANDLORD AND TENANT-CASE LAW-RESIDENTIAL TENANCIES
942 _n0
948 _c04/03/1997
999 _c16289
_d16289